[Event "Schweinfurt op 23rd"]
[Site "Schweinfurt"]
[Date "2013.05.31"]
[Round "3"]
[White "Markwardt, Sven"]
[Black "Foitzik, Lukas"]
[Result "1-0"]
[WhiteElo "1760"]
[BlackElo "776"]
[PlyCount "45"]
[EventDate "2013.05.30"]
[EventType "swiss"]
[EventRounds "7"]
[EventCountry "GER"]
[SourceTitle "CBM 154 Extra"]
[Source "ChessBase"]
[SourceDate "2013.06.25"]
[SourceVersion "2"]
[SourceVersionDate "2013.06.25"]
[SourceQuality "1"]

1. d4 d5 2. c4 e6 3. Nf3 Qe7 4. g3 Qb4+ 5. Qd2 Qxc4 6. Nc3 Nf6 7. e4 Qc6 8. Bb5 Bd7 9. Bxc6 Bxc6 10. e5 Ne4 11. Qf4 Bb4 12. Bd2 0-0 13. Nxe4 dxe4 14. Bxb4 exf3 15. Bxf8 Kxf8 16. Qh4 Na6 17. Qxh7 Be8 18. Qh8+ Ke7 19. Qxg7 Nb4 20. 0-0 Bb5 21. Qf6+ Kd7 22. Qxf7+ Kc6 23. Qxe6# 1-0